01310 a2200289 4500003000500000005001700005010001700022020002200039024002500061035002300086040000900109082001200118100002300130245007900153260004800232300003600280500012600316505017400442650003500616650002700651651001100678700001900689700002300708856010600731856009100837856009200928Nust20170207154044.0 a 2005298376 a0470092254 (pbk.)3 a9780470092255 (pbk.) a(OCoLC)ocm56654188 cNust04a658.1'51 aVernimmen, Pierre.10aCorporate finance -(E-BOOK)cPierre Vernimmen ; Pascal Quiry ... [et al.]. aChichester ;aHoboken, NJ :bWiley,cc2005. axxiv, 1030 p. :bill. ;c25 cm. aAdapted and updated from the original French, first published as "Finance d'entreprise" by â…¤itions Dalloz, Paris, 1994. aFinancial Analysis (Page-15), Section II Investment Analysis (Page-259), Section III Corporate Financial Policies (Page-473), Section IV Financial Management (Page-809). 0aBusiness enterprisesxFinance. 0aCorporationsxFinance. aE-BOOK1 aQuiry, Pascal.1 aVernimmen, Pierre.423Contributor biographical informationuhttp://www.loc.gov/catdir/enhancements/fy0627/2005298376-b.html423Publisher descriptionuhttp://www.loc.gov/catdir/enhancements/fy0627/2005298376-d.html423Table of contents onlyuhttp://www.loc.gov/catdir/enhancements/fy0627/2005298376-t.html